000 01689cam a2200301 4500
002 ##7217
008 030519n2003 000 0 eng u
020 _a1842191470
_a9781842191477
035 _a(Sirsi) u122317
041 0 _aeng
050 0 4 _a333.332 $2 18
100 _aRoyal Institution of Chartered Surveyors
_94900
110 2 _aRoyal Institution of Chartered Surveyors
_bValuation Faculty
_94354
245 0 0 _aRural property valuation
_bValuation Information Paper No. 5
260 _aLondon
_bRICS
_c2003
490 0 _aRICS Information Paper
490 0 _aRICS Valuation Information Paper
_v(05)
505 2 _aValuation of rural property -- Classification -- Assumptions and special assumptions -- Valuation bases -- Inspections and considerations -- Annexe 1: Types of rural property -- Annexe 2: Assumptions and special assumptions -- Annexe 3: Inspections -- Annexe 4: Material considerations
520 _aAlthough not intended to be fully comprehensive, provides supplementary information for members carrying out the valuation of rural property in accordance with the "Red book".
520 _aWithdrawn 6 February 2007. Reinstated 17 July 2007.
650 2 4 _aRICS appraisal and valuation standards
651 4 _aUnited Kingdom
_y
690 _aPROPERTY-RURAL AND NATURAL ASSETS-RURAL AND NATURAL ASSET VALUATION AND APPRAISAL
710 2 _aRoyal Institution of Chartered Surveyors
_bRural Faculty
_94160
710 2 _aRoyal Institution of Chartered Surveyors
_bRural Valuation Group
_94584
856 4 0 _uhttps://www.rics.org/Global/Downloads/5_RuralPropertyVal_07_1_.pdf
_zView this item (members-only content) free of charge at www.rics.org...
942 _n0
999 _c102829
_d102829